| 000 | 00345nam a22001097a 4500 | ||
|---|---|---|---|
| 008 | 131216b xxu||||| |||| 00| 0 eng d | ||
| 020 |
_a007-1151095 _cAvailable |
||
| 050 |
_a658.4038 _b000431 |
||
| 082 | _2Eleventh Ed | ||
| 245 |
_aIntroduction to Information Systems Essentials for the e-Business Enterprise _cBrein, James A. O, |
||
| 260 | _bMcGraw-Hill | ||
| 999 |
_c23527 _d23527 |
||